Abide by the procedure and stay out of trouble (Record no. 71392)

MARC details
000 -LEADER
fixed length control field 01548cam a2200277 4500
001 - CONTROL NUMBER
control field ABS66003
008 - FIXED-LENGTH DATA ELEMENTS--GENERAL INFORMATION
fixed length control field 021021n2002 000 0 eng u
035 ## - SYSTEM CONTROL NUMBER
System control number (Sirsi) u120188
100 ## - MAIN ENTRY--PERSONAL NAME
Personal name Rawstron, R.
245 ## - TITLE STATEMENT
Title Abide by the procedure and stay out of trouble
260 ## - PUBLICATION, DISTRIBUTION, ETC.
Date of publication, distribution, etc. 2002
490 ## - SERIES STATEMENT
Series statement Construction News
Volume/sequential designation (6383) 12 September 2002, 34(1)
520 ## - SUMMARY, ETC.
Summary, etc. Warns that while it may suit contractors to proceed with work while contracts are still being discussed, such a relaxed attitude may have serious consequences as was illustrated in the case of "Rickards and another v Jones" (2000). The house buying couple were told that the property would be sold with the benefit of National Housebuilders Council (NHBC) cover. However the Rickard's solicitor were in breach of their duty in failing to ensure that their new home was covered by a NHBC guarantee prior to completion of the purchase. Problems arose because the house was defective and the builder went into insolvency which meant that it has taken the Rickards six years to reach the stage where they may recover their losses.
590 ## - LOCAL NOTE (RLIN)
Local note ABS
650 ## - SUBJECT ADDED ENTRY--TOPICAL TERM
Topical term or geographic name entry element CONVEYANCING
650 ## - SUBJECT ADDED ENTRY--TOPICAL TERM
Topical term or geographic name entry element BREACH OF DUTY
650 ## - SUBJECT ADDED ENTRY--TOPICAL TERM
Topical term or geographic name entry element NHBC
650 ## - SUBJECT ADDED ENTRY--TOPICAL TERM
Topical term or geographic name entry element GUARANTEES
650 ## - SUBJECT ADDED ENTRY--TOPICAL TERM
Topical term or geographic name entry element PROFESSIONAL NEGLIGENCE
650 ## - SUBJECT ADDED ENTRY--TOPICAL TERM
Topical term or geographic name entry element Insurance
9 (RLIN) 6249
650 ## - SUBJECT ADDED ENTRY--TOPICAL TERM
Topical term or geographic name entry element ALTERNATIVE DISPUTE RESOLUTION
650 ## - SUBJECT ADDED ENTRY--TOPICAL TERM
Topical term or geographic name entry element RICKARDS AND ANOTHER V JONES
650 ## - SUBJECT ADDED ENTRY--TOPICAL TERM
Topical term or geographic name entry element PROPERTY-RESIDENTIAL PROPERTY-ACQUISITION AND DISPOSAL OF RESIDENTIAL PROPERTY
690 ## - LOCAL SUBJECT ADDED ENTRY--TOPICAL TERM (OCLC, RLIN)
Topical term or geographic name as entry element BUILT ENVIRONMENT-BUILDING CONTRACT FORMS
942 ## - ADDED ENTRY ELEMENTS (KOHA)
Suppress in OPAC 0
Holdings
Withdrawn status Lost status Source of classification or shelving scheme Damaged status Not for loan Home library Current library Shelving location Date acquired Total Checkouts Full call number Barcode Date last seen Copy number Price effective from Koha item type
    Dewey Decimal Classification     London London Journal article 21/10/2002   ABS66003 120188-1001 06/08/2019 1 06/08/2019 Journal article